MESTSKÁ KNIŽNICA GIRALTOVCE  - online katalóg 

Nemčina 3 pre 5. alebo 6. ročník tried s rozšíreným vyučovaním jazykov na základných školách (Record no. 19191)

000 -NÁVESTIE
fixed length control field 01052nam a2200265 a 4500
008 - ÚDAJE S PEVNOU DĹŽKOU – VŠEOBECNÉ INFORMÁCIE
fixed length control field 951121s1988||||[C 0 ger c
020 ## - MEDZINÁRODNÉ ŠTANDARDNÉ ČÍSLO KNIHY (ISBN)
Údaje o dostupnosti 12,50 Kčs.
Qualifying information (29800 výtl.)
040 ## - ZDROJ KATALOGIZÁCIE
Pôvodná katalogizujúca agentúra SNK
Jazyk katalogizácie slo
Prepisujúca agentúra SNK
Konvencie popisu AACR2
041 1# - KÓD JAZYKA
Kód jazyka textu/zvukovej stopy alebo samostatných nápisov slo
Kód jazyka originálu a/alebo sprostredkujúcich prekladov textu cze
044 ## - KÓD KRAJINY VYDAVATEĽA/PRODUCENTA
Kód krajiny MARC xo
Kód krajiny ISO SK
080 ## - ČÍSLO MEDZINÁRODNÉHO DESATINNÉHO TRIEDENIA (MDT)
Číslo Medzinárodného desatinného triedenia (MDT) 803.0(075.2)
100 1# - OSOBNÉ MENÁ – VŠEOBECNÉ INFORMÁCIE
Osobné meno Maroušková, Marie
Kód roly aut
245 10 - NÁZOV
Názov Nemčina 3 pre 5. alebo 6. ročník tried s rozšíreným vyučovaním jazykov na základných školách
Údaj o zodpovednosti atď. Marie Maroušková, Pavla Niedermaierová, Šarlota Pavlíková ; Šarlota Pavlíková, Josef Říha, Jana Lamserová, Dagmar Petrášková
250 ## - ÚDAJ O PORADÍ VYDANIA
Údaj o poradí vydania 2., vyd.
260 ## - VYDAVATEĽSKÉ ÚDAJE, DISTRIBÚCIA ATĎ.
Miesto publikovania, distribúcie atď. Bratislava
Názov vydavateľa, distibútora atď. SPN
Dátum publikovania, distribúcie atď. 1988
Miesto výroby Praha
Výrobca Mír
300 ## - FYZICKÝ POPIS
Rozsah 256 s., 11,21 AH
Ďalšie fyzické detaily Tb. Noty.
Rozmery 20 cm
500 ## - VŠEOBECNÁ POZNÁMKA
Formátovaná poznámka o obsahu Nem.-slov. a slov.-nem. slovníček. Schválilo MŠ SSR. Ilustr. na front.
700 1# - PRIDANÝ VSTUP – OSOBNÉ MENO
Osobné meno Niedermaierová, Pavla
Kód roly aut
700 1# - PRIDANÝ VSTUP – OSOBNÉ MENO
Osobné meno Pavlíková, Šarlota
Kód roly aut
700 1# - PRIDANÝ VSTUP – OSOBNÉ MENO
Osobné meno Pavlíková, Šarlota
Kód roly trl
700 1# - PRIDANÝ VSTUP – OSOBNÉ MENO
Osobné meno Říha, Josef
Kód roly bkd
700 1# - PRIDANÝ VSTUP – OSOBNÉ MENO
Osobné meno Lamserová, Jana
Kód roly bkd
700 1# - PRIDANÝ VSTUP – OSOBNÉ MENO
Osobné meno Petrášková, Dagmar
Kód roly bkd
958 ## - Formálny deskriptor
Formálny deskriptor A
Holdings
Stav stiahnutia (Blokovanie) (Withrawn status) Stav straty Stav poškodenia (Damaged status) Nie pre výpožičky (Not for loan) Spôsob nadobudnutia (Collection code) Trvalé umiestnenie Aktuálne umiestnenie Dátum nadobudnutia Náklady, bežná kúpna cena Inventárne číslo (prírastkové číslo) Full call number Dátum posledného výskytu Cena s účinnosťou od Typ jednotky Koha
        Kúpa Mestská knižnica Giraltovce Mestská knižnica Giraltovce 2019-11-29 12.50 17744 I 1401 2019-11-29 2019-11-29 Odborná literatúra pre dospelých

Powered by Koha